000 01407nam a2200349 c 4500
003 BLK
005 20230405120004.0
008 180412b bul|||||r ||||||| ||bul||
010 _aKNG00016127000
020 _a954-8079-41-0
_bиздат.: Прозорец
040 _aBLK
041 _aBUL
_cBUL
080 _aАмериканска литература (на САЩ)
_b821.111(73)
_x-312.4
_z821.111(73)-312.4
100 1 _aЛъдлъм, Робърт
_eпърви автор
_9241671
700 1 _aХарманджиева, Людмила Тодорова
_d1948-2008
_gпреводач
_9241903
700 1 _aРангелова, Таня
_eпрев.
_9364834
139 _aЛъдлъм, Робърт
_bЛ 93
245 1 0 _aПланът Холкрофт
_bРоман
_cРобърт Лъдлъм; прев. Людмила Харманджиева; прев. Таня Рангелова.
250 _a2. изд.
257 _aUSA
260 София
_bПрозорец
_c1997
_fСофия : Балкан прес
300 _a480 с.
_c20 см
380 _aX
500 _aОриг. загл. The Holcroft Covenant / Robert Ludlum. - 1. изд. 1993 на изд. Летера. - Офс. изд. - 4 000 тир.
653 _aтрилъри
653 _aромани
852 _aЦб 190813
856 4 _qpdf
_u
856 4 _qpdf
_u
942 _cKNG
_n0
_022
944 _aCR
_c15.01.2003
_lф /
_kВиолета_Тройчева
944 _aED
_c18.02.2011
_lф /
_k
999 _c14416
_d14416